Michoacán : indicadores socioeconómicos de los pueblos indígenas por Centro Coordinador Indigenista, lengua principal y localidades eminentemente indígenas / (Record no. 44389)
[ view plain ]
| 000 -LEADER | |
|---|---|
| fixed length control field | 01528nam a22003257a 4500 |
| 005 - DATE AND TIME OF LATEST TRANSACTION | |
| control field | 20150124125436.0 |
| 008 - FIXED-LENGTH DATA ELEMENTS--GENERAL INFORMATION | |
| fixed length control field | 131104t mx||||| |||| 00| 0 spa d |
| 050 04 - LIBRARY OF CONGRESS CALL NUMBER | |
| Classification number | GN560 .M53 |
| Item number | M53 1994 |
| 245 00 - TITLE STATEMENT | |
| Title | Michoacán : indicadores socioeconómicos de los pueblos indígenas por Centro Coordinador Indigenista, lengua principal y localidades eminentemente indígenas / |
| Statement of responsibility, etc | coordinadores Arnulfo Embriz, Laura Ruiz ... [et al.]. |
| 250 ## - EDITION STATEMENT | |
| Edition statement | 1a. ed. |
| 260 ## - PUBLICATION, DISTRIBUTION, ETC. (IMPRINT) | |
| Place of publication, distribution, etc | México : |
| Name of publisher, distributor, etc | INI, Dirección de Investigación y Promoción Cultural, |
| Date of publication, distribution, etc | 1994 |
| 300 ## - PHYSICAL DESCRIPTION | |
| Extent | p. v. : |
| Other physical details | maps., tabls. ; |
| Dimensions | 29 cm. |
| 440 #0 - SERIES STATEMENT/ADDED ENTRY--TITLE | |
| Title | Pueblos Indígenas de México |
| 650 #7 - SUBJECT ADDED ENTRY--TOPICAL TERM | |
| Source of heading or term | LEMB |
| Topical term or geographic name as entry element | Antropología social |
| Geographic subdivision | Michoacán de Ocampo |
| -- | México |
| 650 #7 - SUBJECT ADDED ENTRY--TOPICAL TERM | |
| Source of heading or term | LEMB |
| Topical term or geographic name as entry element | Indígenas de México |
| General subdivision | Tarascos |
| -- | Migración interna |
| Geographic subdivision | Michoacán de Ocampo |
| Form subdivision | Censos |
| 650 #7 - SUBJECT ADDED ENTRY--TOPICAL TERM | |
| Source of heading or term | LEMB |
| Topical term or geographic name as entry element | Estadística vital |
| Geographic subdivision | Michoacán de Ocampo |
| Form subdivision | Censos |
| 650 #7 - SUBJECT ADDED ENTRY--TOPICAL TERM | |
| Source of heading or term | LEMB |
| Topical term or geographic name as entry element | Indígenas de México |
| General subdivision | Tarascos |
| -- | Condiciones económicas |
| Geographic subdivision | Michoacán de Ocampo |
| Form subdivision | Censos |
| 650 #7 - SUBJECT ADDED ENTRY--TOPICAL TERM | |
| Source of heading or term | LEMB |
| Topical term or geographic name as entry element | Indígenas de México |
| General subdivision | Tarascos |
| -- | Condiciones sociales |
| Geographic subdivision | Michoacán de Ocampo |
| Form subdivision | Censos |
| 700 1# - ADDED ENTRY--PERSONAL NAME | |
| Personal name | Embriz, Arnulfo, |
| Relator term | coord. |
| 700 1# - ADDED ENTRY--PERSONAL NAME | |
| Personal name | Ruiz, Laura, |
| Relator term | coord. |
| 700 1# - ADDED ENTRY--PERSONAL NAME | |
| Personal name | Malcón, Anuar, |
| Relator term | coord. |
| 700 1# - ADDED ENTRY--PERSONAL NAME | |
| Personal name | Arce, Luis, |
| Relator term | coord. |
| 700 1# - ADDED ENTRY--PERSONAL NAME | |
| Personal name | Zapote, Enrique, |
| Relator term | coord. |
| 700 1# - ADDED ENTRY--PERSONAL NAME | |
| Personal name | Zamora, Norberto, |
| Relator term | coord. |
| 700 1# - ADDED ENTRY--PERSONAL NAME | |
| Personal name | Bello, Eduardo, |
| Relator term | coord. |
| 700 1# - ADDED ENTRY--PERSONAL NAME | |
| Personal name | García, Laura, |
| Relator term | coord. |
| 700 1# - ADDED ENTRY--PERSONAL NAME | |
| Personal name | Velázquez, David, |
| Relator term | coord. |
| 710 1# - ADDED ENTRY--CORPORATE NAME | |
| Corporate name or jurisdiction name as entry element | México. |
| Subordinate unit | Instituto Nacional Indigenista (INI) |
| 942 ## - ADDED ENTRY ELEMENTS (KOHA) | |
| Source of classification or shelving scheme | Biblioteca del Cogreso de los Estados Unidos |
| Koha item type | Libro |
| Estado de pérdida | Fuente de clasificación | Estado del daño | No para préstamo | Ubicación permanente | Ubicación actual | Apartado o colección | Fecha de adquisición | Edición | Área del conocimiento | Clasificación | Código de Barras | Date last seen | Número de copia | Costo por reposición | Tipo de recurso | Nota pública |
|---|---|---|---|---|---|---|---|---|---|---|---|---|---|---|---|---|
| Biblioteca del Cogreso de los Estados Unidos | Biblioteca del Instituto de Investigaciones Históricas | Biblioteca del Instituto de Investigaciones Históricas | Fondo Michoacán | 04/11/2013 | 1 | Ciencias Agropecuarias | GN560 .M53 M53 1994 | IIH000012024 | 04/11/2013 | C:1 | 1.00 | Libro | MICHOACÁN |